000
00296nam a22001337a 4500
008
170315b xxu||||| |||| 00| 0 eng d
020
_a
0517319349
041
_a
eng
080
_a
611
100
_a
7
101
_a
SHM
245
_a
THE COLOR ATLAS OF HUMAN ANATOMY
_c
JOLLY.R.T
942
_2
udc
_c
BK
999
_c
7831
_d
7831